[Event "Big Lion - 1 "]
[Site "SchemingMind.com"]
[Date "2011.01.01"]
[Round "-"]
[White "jtrochez1"]
[Black "Orhany24"]
[Result "0-1"]
[WhiteCountry "HON"]
[BlackCountry "TUR"]
[WhiteElo "1581"]
[WhiteRD "48"]
[BlackElo "1770"]
[BlackRD "66"]
[GameID "271591"]

1. e4 e5 2. Nf3 Nc6 3. d4 exd4 4. Nxd4 Bc5 5. Nxc6 bxc6 6. Bd3 d5 7. e5 Qe7 8. O-O Nh6 9. Nd2 O-O 10. h3 Qxe5
11. Nf3 Qh5 12. Bxh6 Qxh6 13. Qd2 Qh5 14. Qg5 Qxg5 15. Nxg5 h6 16. Nf3 Re8 17. c3 a5 18. Nd4 Bd7 19. Rfe1 g6 20. Kf1 Kg7
21. Rxe8 Rxe8 22. Re1 Rb8 23. Re7 Bxe7
0-1

[Event "Big Lion - 1 "]
[Site "SchemingMind.com"]
[Date "2011.01.01"]
[Round "-"]
[White "Orhany24"]
[Black "jtrochez1"]
[Result "1-0"]
[WhiteCountry "TUR"]
[BlackCountry "HON"]
[WhiteElo "1714"]
[WhiteRD "63"]
[BlackElo "1557"]
[BlackRD "49"]
[GameID "271592"]

1. e4 e5 2. Nf3 Nc6 3. Bc4 h6 4. O-O d6 5. h3 Be7 6. c3 Be6 7. Bb5 a6 8. Ba4 b5 9. Bc2 Bf6 10. d4 Bc4
11. Re1 Nge7 12. b3 exd4 13. cxd4 Nxd4 14. Nxd4 Bxd4 15. Qxd4 O-O 16. bxc4 c5 17. Qd3 b4 18. e5 Ng6 19. Qxd6 Qxd6 20. exd6 Rad8
21. Rd1 Ne5 22. Bb3 Kh8 23. Be3 Nd7 24. Nd2 f5 25. Nf3 f4 26. Bc1 a5 27. a4 Nf6 28. Bb2 Nd7 29. Re1 Rfe8 30. Rad1 Rxe1+
31. Nxe1 Kg8 32. Nf3 Nf6 33. Bxf6 gxf6 34. Rd5 Kf7 35. Rxc5 Rxd6 36. Rd5 Ke7 37. Rxd6 Kxd6 38. Kf1 h5 39. Ke2 Ke6 40. Kd3
1-0

[Event "Big Lion - 1 "]
[Site "SchemingMind.com"]
[Date "2011.01.02"]
[Round "-"]
[White "Shaka"]
[Black "jtrochez1"]
[Result "1-0"]
[WhiteCountry "VEN"]
[BlackCountry "HON"]
[WhiteElo "1805"]
[WhiteRD "75"]
[BlackElo "1606"]
[BlackRD "52"]
[GameID "271674"]

1. d4 Nf6 2. c4 d5 3. Nc3 e6 4. Nf3 Nbd7 5. Bg5 Be7 6. e3 O-O 7. Bd3 a6 8. Qc2 Ne4 9. Bxe7 Qxe7 10. Nxe4 dxe4
11. Bxe4 f5 12. Bd3 c6 13. O-O b5 14. Rac1 Nb6 15. cxb5 cxb5 16. Ne5 Bb7 17. Qc7 Qxc7 18. Rxc7 Bd5 19. b3 Rfc8 20. Rfc1 Rxc7
21. Rxc7 Nc8 22. g3 Nd6 23. f3 g6 24. Kf2 Ne8 25. Rc2 Kg7 26. Ke2 h5 27. e4 fxe4 28. Bxe4 Bxe4 29. fxe4 g5 30. Rc6 Kf6
31. Nd7+ Kf7 32. Nc5 Ng7 33. Nxa6 Ne8 34. Nb4 Rb8 35. Ke3 Kf6 36. Nd3 b4 37. Nc5 Ra8 38. Rxe6+ Kg7 39. Ra6 Rxa6 40. Nxa6
1-0

[Event "Big Lion - 1 "]
[Site "SchemingMind.com"]
[Date "2011.01.02"]
[Round "-"]
[White "Shaka"]
[Black "Orhany24"]
[Result "1-0"]
[WhiteCountry "VEN"]
[BlackCountry "TUR"]
[WhiteElo "1805"]
[WhiteRD "75"]
[BlackElo "1752"]
[BlackRD "64"]
[GameID "271675"]

1. Nf3 d5 2. g3 c5 3. Bg2 Nc6 4. O-O e5 5. d3 f5 6. Bg5 Nf6 7. Nbd2 Be7 8. c4 d4 9. Re1 O-O 10. h4 h6
11. Bxf6 Bxf6 12. Nf1 Be6 13. N1h2 g5 14. hxg5 hxg5 15. a3 Kg7 16. e4 Rh8 17. exf5 Bxf5 18. Qe2 Qd7 19. Nd2 Bh3 20. Qf3 Bxg2
21. Qxg2 Rh3 22. Ne4 b6 23. Nxf6 Kxf6 24. Qf3+ Kg7 25. Ng4 Rf8 26. Qe4 Rfh8 27. Kg2 Qe8 28. Kf1 Rh1+ 29. Ke2 Rxe1+ 30. Rxe1 Qh5
31. Kd2 Qg6 32. Nxe5
1-0

[Event "Big Lion - 1 "]
[Site "SchemingMind.com"]
[Date "2011.01.07"]
[Round "-"]
[White "jtrochez1"]
[Black "Shaka"]
[Result "0-1"]
[WhiteCountry "HON"]
[BlackCountry "VEN"]
[WhiteElo "1557"]
[WhiteRD "49"]
[BlackElo "1871"]
[BlackRD "83"]
[GameID "271676"]

1. e4 d6 2. d4 Nf6 3. Nc3 g6 4. h3 Bg7 5. Bd3 Nbd7 6. Bg5 h6 7. Be3 O-O 8. Qd2 Kh7 9. Nge2 e5 10. d5 Ng8
11. h4 b6 12. f3 a5 13. g4 Ba6 14. Nb5 Nc5 15. b3 a4 16. Bxc5 bxc5 17. bxa4 Bxb5 18. axb5 Ra3 19. c3 Qa8 20. Bc4 Ne7
21. Qc2 Nc8 22. O-O Nb6 23. Bb3 c4 24. Nc1 cxb3 25. Nxb3 Nc4 26. Rfe1 Rb8 27. Nd2 Nxd2 28. Qxd2 Rxb5 29. c4 Rba5 30. Qd3 Rxd3
0-1

[Event "Big Lion - 1 "]
[Site "SchemingMind.com"]
[Date "2011.01.07"]
[Round "-"]
[White "Orhany24"]
[Black "Shaka"]
[Result "1-0"]
[WhiteCountry "TUR"]
[BlackCountry "VEN"]
[WhiteElo "1752"]
[WhiteRD "64"]
[BlackElo "1805"]
[BlackRD "75"]
[GameID "271677"]

1. d4 Nf6 2. c4 c5 3. d5 b5 4. cxb5 a6 5. Nc3 g6 6. e4 d6 7. bxa6 Bxa6 8. Qa4+ Qd7 9. Nb5 Bg7 10. Nc7+ Kd8
11. Qxd7+ Nfxd7 12. Nxa8 Bxf1 13. Kxf1 Kc8 14. Rb1 Kb7 15. b4 Kxa8 16. b5 Nb6 17. Bb2 Bxb2 18. Rxb2 Kb7 19. Ne2 N8d7 20. f4 Ra8
21. Kf2 Ra3 22. Ra1 c4 23. Nc3 Rxc3 24. a4 Nc5 25. a5 Nbd7 26. a6+ Ka7 27. b6+ Nxb6 28. Rxb6 Nd3+ 29. Kg1 Rb3 30. Rxb3 cxb3
31. g3 Nc5 32. e5 Nxa6 33. Kf2 Kb6 34. Ke3
1-0

[Event "Big Lion - 1 "]
[Site "SchemingMind.com"]
[Date "2011.01.02"]
[Round "-"]
[White "Laufer"]
[Black "jtrochez1"]
[Result "0-1"]
[WhiteCountry "CRO"]
[BlackCountry "HON"]
[WhiteElo "1461"]
[WhiteRD "82"]
[BlackElo "1572"]
[BlackRD "51"]
[GameID "271690"]

1. e4 e5 2. Nf3 Nc6 3. Bb5 d6 4. d4 Bd7 5. Nc3 exd4 6. Nxd4 h6 7. Nxc6 Bxc6 8. Bxc6+ bxc6 9. O-O Be7 10. Bf4 Nf6
11. e5 Nd5 12. Nxd5 cxd5 13. Qxd5 O-O 14. exd6 cxd6 15. Rfd1 Qb6
0-1

[Event "Big Lion - 1 "]
[Site "SchemingMind.com"]
[Date "2011.01.02"]
[Round "-"]
[White "Laufer"]
[Black "Orhany24"]
[Result "0-1"]
[WhiteCountry "CRO"]
[BlackCountry "TUR"]
[WhiteElo "1461"]
[WhiteRD "82"]
[BlackElo "1716"]
[BlackRD "64"]
[GameID "271691"]

1. d4 d5 2. c4 e6 3. Nc3 Nf6 4. cxd5 exd5 5. Bg5 Be7 6. e3 O-O 7. Bd3 h6 8. Bh4 Bg4 9. Qc2 Nbd7 10. Nge2 c5
11. f3 Bh5
0-1

[Event "Big Lion - 1 "]
[Site "SchemingMind.com"]
[Date "2011.01.02"]
[Round "-"]
[White "jtrochez1"]
[Black "Laufer"]
[Result "1-0"]
[WhiteCountry "HON"]
[BlackCountry "CRO"]
[WhiteElo "1572"]
[WhiteRD "51"]
[BlackElo "1461"]
[BlackRD "82"]
[GameID "271693"]

1. e4 c5 2. Nf3 d6 3. d4 cxd4 4. Nxd4 Nf6 5. Bd3 Nc6 6. Nb3 g6 7. c3 Bg7 8. h3 O-O 9. N1d2 Qb6 10. Nc4 Qc7
11. O-O Be6 12. Qe2 Bxc4 13. Bxc4 Ne5 14. Bd3 Nxd3 15. Qxd3 Rac8 16. Bf4
1-0

[Event "Big Lion - 1 "]
[Site "SchemingMind.com"]
[Date "2011.01.02"]
[Round "-"]
[White "DI DARIO"]
[Black "jtrochez1"]
[Result "1/2-1/2"]
[WhiteCountry "INT"]
[BlackCountry "HON"]
[WhiteElo "1642"]
[WhiteRD "48"]
[BlackElo "1557"]
[BlackRD "49"]
[GameID "271708"]

1. Nf3 Nc6 2. d4 d5 3. g3 h6 4. h4 Bg4 5. Bg2 Qd7 6. Nc3 e6 7. a3 Bd6 8. Nb5 Nge7 9. Nxd6+ cxd6 10. Bf4 Rc8
11. Nh2 e5 12. Be3 Bxe2 13. Qxe2 e4 14. h5 Rc7 15. Ng4 Nf5 16. Bh3 Qe7 17. O-O Ncxd4 18. Qd1 Nxe3 19. Nxe3 Qd8 20. c3 Nf3+
21. Kh1 b6 22. Bg2 Qg5 23. Bxf3 exf3 24. Qxf3 O-O 25. Qxd5 Qxd5+ 26. Nxd5 Rd7 27. Rae1 f6 28. Re7 Rxe7 29. Nxe7+ Kf7 30. Nc6 a5
31. f4 Re8 32. Rd1 Re2 33. Rxd6 Rxb2 34. f5 Rb3 35. Rd7+ Ke8 36. Rxg7 Rxc3 37. Nd4 Rxa3 38. Rg6 Kf7 39. Nb5 Rb3 40. Nd4 Rd3
41. Ne6 a4 42. Rxh6 a3 43. Rh7+ Kg8 44. Rg7+ Kh8 45. Ra7 b5 46. g4 b4 47. Nc5 Rd4 48. Ra8+ Kh7 49. Ra7+ Kh6 50. Ra6 Rxg4
51. Rxf6+ Kh7 52. Ne6 b3 53. Rf7+ Kh6 54. Rf8 Kh7 55. Rf7+ Kg8 56. Rf8+ Kh7 57. f6 Rg8 58. Rf7+ Kh8 59. Nf8 Rxf8 60. Rxf8+ Kh7
61. Rb8 b2 62. f7 a2 63. f8=Q b1=Q+ 64. Rxb1 axb1=Q+ 65. Kg2=
1/2-1/2

[Event "Big Lion - 1 "]
[Site "SchemingMind.com"]
[Date "2011.01.02"]
[Round "-"]
[White "DI DARIO"]
[Black "Orhany24"]
[Result "0-1"]
[WhiteCountry "INT"]
[BlackCountry "TUR"]
[WhiteElo "1642"]
[WhiteRD "48"]
[BlackElo "1714"]
[BlackRD "63"]
[GameID "271709"]

1. Nf3 d5 2. c4 e6 3. cxd5 exd5 4. Nc3 c5 5. e3 a6 6. Qa4+ Nc6 7. Ne5 Qd6 8. Nxc6 bxc6 9. Be2 Nf6 10. h3 Be7
11. Bf3 O-O 12. Ne2 Bf5 13. O-O h6 14. d4 c4 15. Ng3 Bd3 16. Rd1 Nd7 17. e4 dxe4 18. Bxe4 c5 19. Bxa8 Rxa8 20. dxc5 Nxc5
21. Qa3 Qf6 22. Qc3 Qg6 23. Re1 Bd6 24. f4 Qxg3 25. Be3 Ne4 26. Qd4 Bxf4 27. Bxf4 Qxf4 28. Rad1 Re8 29. b3 Re6 30. bxc4 Bc2
31. Rf1 Qg3 32. Rde1 Ng5 33. Rxe6 Nxe6 34. Qf2 Qxf2+ 35. Rxf2 Bd3 36. Rb2 Bxc4 37. a3 Kf8 38. Kf2 Ke7 39. Ke3 g6 40. Rb4 Bf1
41. Kf2 Bb5 42. g3 Nc7 43. a4 Bc6 44. Rc4 Kd6 45. Ke3 a5 46. g4 f5 47. gxf5 gxf5 48. Rh4 Ke5 49. Rxh6 Bxa4 50. Rg6 Nd5+
51. Kd2 Bb3 52. h4 Nf4 53. Rg3 a4 54. Rg8 Bxg8
0-1

[Event "Big Lion - 1 "]
[Site "SchemingMind.com"]
[Date "2011.01.07"]
[Round "-"]
[White "DI DARIO"]
[Black "Shaka"]
[Result "1/2-1/2"]
[WhiteCountry "INT"]
[BlackCountry "VEN"]
[WhiteElo "1649"]
[WhiteRD "48"]
[BlackElo "1805"]
[BlackRD "75"]
[GameID "271710"]

1. Nf3 Nf6 2. c4 g6 3. d3 Bg7 4. Nc3 d6 5. e4 Bg4 6. h3 Bxf3 7. Qxf3 e5 8. Bg5 c6 9. Rd1 O-O 10. d4 Nbd7
11. Be2 exd4 12. Rxd4 Ne5 13. Qf4 Re8 14. c5 h6 15. Bxh6 Bxh6 16. Qxh6 Re6 17. Bg4 Re8 18. Rxd6 Qe7 19. b3 Rad8 20. O-O Rxd6
21. cxd6 Qxd6 22. Rd1 Qb4 23. Ne2 Nexg4 24. hxg4 Qxe4 25. Ng3 Qxg4 26. Rd6 Ne4 27. Qe3 Qh4 28. Rd4 f5 29. Rd7 Re7 30. Rxe7 Qxe7
31. Qxa7 Nxg3 32. Qb8+ Kf7 33. Qxg3 Ke6=
1/2-1/2

[Event "Big Lion - 1 "]
[Site "SchemingMind.com"]
[Date "2011.01.02"]
[Round "-"]
[White "DI DARIO"]
[Black "Laufer"]
[Result "1/2-1/2"]
[WhiteCountry "INT"]
[BlackCountry "CRO"]
[WhiteElo "1653"]
[WhiteRD "58"]
[BlackElo "1736"]
[BlackRD "125"]
[GameID "271711"]

1. Nf3 Nf6 2. c4 e6 3. g3 d5 4. cxd5 exd5 5. Qa4+ c6 6. d4 Bg4 7. Bg2 Nbd7 8. h3 Bxf3 9. Bxf3 Bd6 10. Bg5 Qc7
11. Bxf6 Nxf6 12. Nc3 O-O 13. Qc2 Rfe8 14. O-O-O Qe7 15. g4 Ne4 16. Bxe4 dxe4 17. e3 Rad8 18. Rhf1 Bb4 19. Qd2 Bxc3 20. bxc3 Qa3+
21. Qb2 Qxb2+=
1/2-1/2

[Event "Big Lion - 1 "]
[Site "SchemingMind.com"]
[Date "2011.01.02"]
[Round "-"]
[White "jtrochez1"]
[Black "DI DARIO"]
[Result "0-1"]
[WhiteCountry "HON"]
[BlackCountry "INT"]
[WhiteElo "1581"]
[WhiteRD "48"]
[BlackElo "1653"]
[BlackRD "58"]
[GameID "271712"]

1. e4 d6 2. d4 g6 3. Nf3 Bg7 4. c3 b6 5. Bd3 e6 6. Be3 Nd7 7. O-O Bb7 8. Nbd2 Qe7 9. Re1 Ngf6 10. Bg5 h6
11. Bxf6 Nxf6 12. h3 Nh5 13. Qa4+ c6 14. d5 b5 15. Qc2 Nf4 16. Bf1 e5 17. c4 a6 18. b3 O-O 19. Rad1 c5 20. Nh2 Bf6
21. Ng4 h5 22. Nh2 Bc8 23. Ndf3 h4 24. Ng4 Bxg4 25. hxg4 Qd7 26. g5 Be7 27. a4 b4 28. Be2 Kg7 29. Nh2 Nxe2+ 30. Qxe2 h3
31. Qe3 Rh8 32. f4 exf4 33. Qxf4 Rh5 34. Rd3 Bxg5 35. Qg4 Qxg4 36. Nxg4 hxg2 37. Kxg2 Rah8 38. Rf3 Rh4 39. Nf2 Rh2+ 40. Kf1 Bf6
41. Ke2 R8h4 42. Kd3 Bd4 43. Nd1 Bc3 44. Ref1 f5 45. exf5 Rd4+
0-1

[Event "Big Lion - 1 "]
[Site "SchemingMind.com"]
[Date "2011.01.04"]
[Round "-"]
[White "Orhany24"]
[Black "DI DARIO"]
[Result "1-0"]
[WhiteCountry "TUR"]
[BlackCountry "INT"]
[WhiteElo "1714"]
[WhiteRD "63"]
[BlackElo "1642"]
[BlackRD "48"]
[GameID "271713"]

1. d4 d5 2. c4 c6 3. Nc3 dxc4 4. e4 Nf6 5. Bxc4 Bg4 6. f3 Bh5 7. Nge2 b5 8. Bb3 a5 9. a4 b4 10. Nb1 h6
11. Bf4 g5 12. Be5 Bg7 13. Nd2 Nbd7 14. Bg3 O-O 15. O-O Bg6 16. Nc4 c5 17. d5 Nh5 18. Bf2 Ne5 19. Bxc5 Nxc4 20. Bxc4 Bxb2
21. Ra2 Ba3 22. Nd4 Rc8 23. Nc6 Rxc6 24. dxc6 Qc7 25. Qd7 Qxd7 26. cxd7 Rd8 27. Rd1 Kf8 28. Bb3 Nf6 29. Rad2 Bxe4 30. Bb6 Rxd7
31. Rxd7 Nxd7 32. Rxd7 Bf5 33. Rd8+ Kg7 34. Bd4+ f6 35. g4 Bd3 36. Bxf6+ exf6 37. Rxd3 f5 38. Rd5 fxg4 39. fxg4
1-0

[Event "Big Lion - 1 "]
[Site "SchemingMind.com"]
[Date "2011.01.07"]
[Round "-"]
[White "Shaka"]
[Black "DI DARIO"]
[Result "0-1"]
[WhiteCountry "VEN"]
[BlackCountry "INT"]
[WhiteElo "1805"]
[WhiteRD "75"]
[BlackElo "1649"]
[BlackRD "48"]
[GameID "271714"]

1. d4 d5 2. Nf3 Bg4 3. c4 Bxf3 4. gxf3 dxc4 5. Nc3 Nc6 6. e4 Nxd4 7. Bxc4 e6 8. Be3 c5 9. Qa4+ Nc6 10. Rd1 Qf6
11. f4 a6 12. Nd5 Qd8 13. Nc3 Qb8 14. Qc2 Be7 15. Rg1 g6 16. Be2 b5 17. Bf3 Qc7 18. e5 Nh6 19. Qe4 Rc8 20. Ke2 Nf5
21. Qxc6+ Qxc6 22. Bxc6+ Rxc6 23. Rd2 O-O 24. Rgd1 b4 25. Ne4 c4 26. Rd7 Re8 27. Ng3 c3 28. bxc3 bxc3 29. Rc1 Nxe3 30. fxe3 c2
31. Kd3 Rd8 32. Rxd8+ Bxd8 33. Rxc2 Rxc2 34. Kxc2 Ba5 35. Ne4 Bb4 36. Kb3 a5 37. a3 Be1 38. Kc4 h5 39. Kc5 Kf8 40. Kd6 h4
41. Kd7 Kg7 42. Kd6 Kf8
0-1

[Event "Big Lion - 1 "]
[Site "SchemingMind.com"]
[Date "2011.01.02"]
[Round "-"]
[White "Laufer"]
[Black "DI DARIO"]
[Result "0-1"]
[WhiteCountry "CRO"]
[BlackCountry "INT"]
[WhiteElo "1736"]
[WhiteRD "125"]
[BlackElo "1653"]
[BlackRD "58"]
[GameID "271715"]

1. e4 d6 2. d4 e6 3. Nf3 Nd7 4. Nc3 h6 5. Bc4 Nb6 6. Bb3 a5 7. a4 g6 8. Be3 Nf6 9. Qd2 d5 10. e5 Ng4
11. Bf4 h5 12. h3 Nh6 13. Nh2 Nf5 14. Ne2 Nd7 15. Ng3 c5 16. Nxf5 gxf5 17. c3 Rg8 18. g3 Qb6 19. Bc2 cxd4 20. Rb1 Nc5
21. Qxd4 Qc7 22. Nf3 Ne4 23. Nd2 Bc5 24. Qd3 Bxf2+ 25. Kf1 Bxg3 26. Nxe4 dxe4 27. Qe3 Qc4+ 28. Bd3 Bxf4
0-1

[Event "Big Lion - 1 "]
[Site "SchemingMind.com"]
[Date "2011.01.02"]
[Round "-"]
[White "APB"]
[Black "jtrochez1"]
[Result "1-0"]
[WhiteCountry "ENG"]
[BlackCountry "HON"]
[WhiteElo "1672"]
[WhiteRD "60"]
[BlackElo "1572"]
[BlackRD "51"]
[GameID "271716"]

1. e4 e5 2. Nf3 Nc6 3. Bc4 h6 4. d4 d6 5. dxe5 Bg4 6. exd6 Bxd6 7. Nc3 Nf6 8. h3 Be6 9. Bxe6 fxe6 10. Nb5 Nxe4
11. Nxd6+ Nxd6 12. Qe2 Qe7 13. Be3 Nf7 14. O-O-O O-O 15. Kb1 Rad8 16. Qb5 Rxd1+ 17. Rxd1 Nfd8 18. Bc5 Qe8 19. Bxf8 Qxf8 20. c3 a6
21. Qe2 Qf5+ 22. Ka1 Kf7 23. g4 Qf4 24. Qd3 Kf6 25. Nd4 Nxd4 26. Qxd4+ Qxd4 27. Rxd4 Ke7 28. f4 Nc6 29. Re4 g6 30. h4 Kf7
31. h5 gxh5 32. gxh5 a5 33. b4 axb4 34. cxb4 Nd8 35. Rd4 Ke7 36. a4 Nc6 37. Rc4 Kd7 38. b5 Na5 39. Rc3 b6 40. Rg3 Kd6
41. Rg6 Nc4 42. f5 Ke7 43. fxe6 Nd6 44. Rxh6 Nf5 45. Rh7+ Kxe6 46. Rxc7 Kf6 47. Rc6+
1-0

[Event "Big Lion - 1 "]
[Site "SchemingMind.com"]
[Date "2011.01.03"]
[Round "-"]
[White "APB"]
[Black "Orhany24"]
[Result "1-0"]
[WhiteCountry "ENG"]
[BlackCountry "TUR"]
[WhiteElo "1704"]
[WhiteRD "62"]
[BlackElo "1714"]
[BlackRD "63"]
[GameID "271717"]

1. e4 e5 2. Nf3 Nc6 3. Bc4 Nf6 4. Ng5 d5 5. exd5 Na5 6. Bb5+ c6 7. dxc6 bxc6 8. Qf3 Bb7 9. Ba4 h6 10. Ne4 Nxe4
11. Qxe4 Bd6 12. b4 O-O 13. bxa5 f5 14. Qc4+ Kh8 15. Bxc6 Rc8 16. Qe2 Bxc6 17. Na3 Bxg2 18. Rg1 Bh3 19. Nc4 Bb8 20. Bb2 Bg4
21. f3 Qh4+ 22. Kd1 Bh5 23. Nxe5 Qa4 24. Qd3 Qf4 25. Ng6+ Bxg6 26. Rxg6 Be5 27. Rb1 Bxb2 28. Rxb2 Qxh2 29. c3 Rcd8 30. Qe3 Rfe8
31. Qxa7 Qh1+ 32. Kc2 Rg8 33. Rb7 Qh5 34. Rbxg7 Qxg6 35. Rxg6 Rxg6 36. Qf7 Rgd6 37. d4 Rd5 38. a6
1-0

[Event "Big Lion - 1 "]
[Site "SchemingMind.com"]
[Date "2011.01.07"]
[Round "-"]
[White "APB"]
[Black "Shaka"]
[Result "1-0"]
[WhiteCountry "ENG"]
[BlackCountry "VEN"]
[WhiteElo "1704"]
[WhiteRD "62"]
[BlackElo "1871"]
[BlackRD "83"]
[GameID "271718"]

1. e4 e5 2. Nf3 Nc6 3. Bc4 Bc5 4. c3 a5 5. d4 exd4 6. cxd4 Bb4+ 7. Nc3 d6 8. Ng5 Nh6 9. a3 Bxc3+ 10. bxc3 O-O
11. h3 Qe7 12. O-O a4 13. Bd5 Be6 14. Bxe6 fxe6 15. Re1 Qf6 16. f3 Kh8 17. Qd3 Na5 18. Be3 Nb3 19. Rab1 c6 20. f4 b5
21. e5 dxe5 22. Qxh7#
1-0

[Event "Big Lion - 1 "]
[Site "SchemingMind.com"]
[Date "2011.01.02"]
[Round "-"]
[White "APB"]
[Black "DI DARIO"]
[Result "1-0"]
[WhiteCountry "ENG"]
[BlackCountry "INT"]
[WhiteElo "1672"]
[WhiteRD "60"]
[BlackElo "1670"]
[BlackRD "58"]
[GameID "271719"]

1. e4 d6 2. d4 Nf6 3. Nc3 e6 4. Nf3 Nbd7 5. e5 dxe5 6. dxe5 Ng4 7. Qd4 Bc5 8. Qxg4 Bf8 9. Bd2 h6 10. O-O-O a6
11. Be3 b6 12. Qe4 Rb8 13. Nd4 Bb7 14. Nc6 Bxc6 15. Qxc6 Bc5 16. Bxc5 bxc5 17. Bxa6 Rb6 18. Qa4 O-O 19. Bb5 Qg5+ 20. Kb1 Nxe5
21. g3 Nf3 22. Ne4 Qe5 23. Nd2 Nd4 24. Nc4 Qe4 25. Nxb6 cxb6 26. Bd3 Qg2 27. c3 Nf5 28. Qc2 Nd6 29. Ba6 Ne4 30. Rhf1 f5
31. Qb3 Nxf2 32. Qxe6+ Kh8 33. Rd7 Qe4+ 34. Qxe4 Nxe4 35. Kc1 g5 36. Bb7 Nf6 37. Re7 Ne4 38. Bxe4 f4 39. gxf4 gxf4 40. Rg1
1-0

[Event "Big Lion - 1 "]
[Site "SchemingMind.com"]
[Date "2011.01.02"]
[Round "-"]
[White "jtrochez1"]
[Black "APB"]
[Result "0-1"]
[WhiteCountry "HON"]
[BlackCountry "ENG"]
[WhiteElo "1557"]
[WhiteRD "49"]
[BlackElo "1704"]
[BlackRD "62"]
[GameID "271721"]

1. e4 c5 2. Nf3 d6 3. h3 Nf6 4. d3 e5 5. c3 Nc6 6. Bg5 Be7 7. Nbd2 h6 8. Bh4 d5 9. Qc2 d4 10. Nc4 Qc7
11. Bg3 Nd7 12. Be2 b5 13. Ncd2 dxc3 14. bxc3 b4 15. c4 Nd4 16. Nxd4 cxd4 17. Nb3 Qb6 18. Bg4 Bd6 19. Bxd7+ Bxd7 20. c5 Qc6
21. Na5 Qc7 22. Nb3 Ba4 23. Rc1 Be7 24. O-O Bg5 25. Rb1 Bxb3 26. Qxb3 O-O 27. Qxb4 Be7 28. f4 Bxc5 29. Qb7 Qa5 30. Qb3 exf4
31. Bxf4 Rac8 32. a4 Rc6 33. Qb5 Qxb5 34. axb5 Rb6 35. Rfc1 Bd6 36. Bxd6 Rxd6 37. g4 Rf6 38. Rc7 Ra8 39. Rd7 Rf3 40. Rxd4 Rxh3
41. Kg2 Rh4 42. Kg3 g5 43. Rd7 h5 44. gxh5 Rxh5 45. Rf1 Rh7 46. Kg4 f5+ 47. Kxg5 Rxd7 48. Rxf5 Rxd3 49. e5 Rf8 50. e6 Rxf5+
51. Kxf5 Rd5+ 52. Kf6 Rxb5 53. e7 Rb6+
0-1

[Event "Big Lion - 1 "]
[Site "SchemingMind.com"]
[Date "2011.01.04"]
[Round "-"]
[White "Orhany24"]
[Black "APB"]
[Result "1-0"]
[WhiteCountry "TUR"]
[BlackCountry "ENG"]
[WhiteElo "1752"]
[WhiteRD "64"]
[BlackElo "1695"]
[BlackRD "63"]
[GameID "271722"]

1. e4 c5 2. Nf3 Nc6 3. d4 cxd4 4. Nxd4 e5 5. Nb5 d6 6. c4 Be7 7. N1c3 a6 8. Na3 Nf6 9. Be2 Nd4 10. Bd3 Ng4
11. h3 Nxf2 12. Kxf2 Bh4+ 13. Kg1 Qf6 14. Qf1 Qg6 15. Be3 Qg3 16. Qf2 Qxf2+ 17. Bxf2 Bxf2+ 18. Kxf2 O-O 19. Rhf1 Ne6 20. Kg1 Nf4
21. Bc2 Be6 22. b3 f5 23. Rad1 Rad8 24. exf5 Bxf5 25. Bxf5 Rxf5 26. Nc2 Rg5 27. Rd2 Rg6 28. Kh2 Re8 29. Nd5 Nxd5 30. Rxd5 e4
31. Ne3 b6 32. Rfd1 Rd8 33. R1d4 Re6 34. g4 g6 35. Kg3 Kf7 36. h4 Ke7 37. g5 Kd7 38. Rd1 Ke7 39. Re1 Kd7= 40. Ng4 Ke7
41. Re3 Kd7 42. Nf6+ Ke7 43. Rxe4 Rxe4 44. Nxe4 Ke6 45. Nf6 Rh8 46. Ne4 Rd8 47. Kg4 Rd7 48. h5 gxh5+ 49. Kxh5 b5 50. Nf6
1-0

[Event "Big Lion - 1 "]
[Site "SchemingMind.com"]
[Date "2011.01.07"]
[Round "-"]
[White "Shaka"]
[Black "APB"]
[Result "1-0"]
[WhiteCountry "VEN"]
[BlackCountry "ENG"]
[WhiteElo "1866"]
[WhiteRD "95"]
[BlackElo "1672"]
[BlackRD "60"]
[GameID "271723"]

1. d4 Nf6 2. Nf3 d5 3. g3 e6 4. Bg2 c5 5. Bg5 Qb6 6. b3 cxd4 7. Bxf6 gxf6 8. Nxd4 Bc5 9. e3 e5 10. Ne2 Qa5+
11. c3 Qc7 12. Qxd5 Be6 13. Qxb7
1-0

[Event "Big Lion - 1 "]
[Site "SchemingMind.com"]
[Date "2011.01.02"]
[Round "-"]
[White "DI DARIO"]
[Black "APB"]
[Result "1-0"]
[WhiteCountry "INT"]
[BlackCountry "ENG"]
[WhiteElo "1653"]
[WhiteRD "58"]
[BlackElo "1643"]
[BlackRD "63"]
[GameID "271724"]

1. Nf3 d5 2. c4 c6 3. Qa4 dxc4 4. Qxc4 Be6 5. Qc2 g6 6. d4 Nf6 7. Nc3 Nd5 8. e4 Nb4 9. Qa4 N8a6 10. Bxa6 Nxa6
11. O-O Bd7 12. Qc4 b5 13. Qe2 Bg7 14. Rd1 Rb8 15. a3 Bg4 16. e5 e6 17. h3 Bxf3 18. Qxf3 Qc7 19. Ne4 Kf8 20. Nf6 Rd8
21. Bg5 Rc8 22. a4 Nb4 23. axb5 Nc2 24. Qb3 Nxa1 25. Rxa1 h6 26. Bd2 Bxf6 27. exf6 Ke8 28. Bb4 Qf4 29. Be7 cxb5 30. Qxb5+
1-0

[Event "Big Lion - 1 "]
[Site "SchemingMind.com"]
[Date "2011.01.03"]
[Round "-"]
[White "SittingBull"]
[Black "jtrochez1"]
[Result "0-1"]
[WhiteCountry "CAN"]
[BlackCountry "HON"]
[WhiteElo "1865"]
[WhiteRD "93"]
[BlackElo "1581"]
[BlackRD "48"]
[GameID "271796"]

1. e4 c5 2. Nf3 Nc6 3. d4 cxd4 4. Nxd4 e5 5. Nb5 a6 6. Nd6+ Bxd6 7. Qxd6 Qe7 8. Qc7 Nf6 9. Bg5 O-O 10. Nc3 Qe6
11. f3 Ne8 12. Qb6 Nd4 13. O-O-O Qxb6
0-1

[Event "Big Lion - 1 "]
[Site "SchemingMind.com"]
[Date "2011.01.03"]
[Round "-"]
[White "SittingBull"]
[Black "Orhany24"]
[Result "1-0"]
[WhiteCountry "CAN"]
[BlackCountry "TUR"]
[WhiteElo "1919"]
[WhiteRD "86"]
[BlackElo "1714"]
[BlackRD "63"]
[GameID "271797"]

1. e4 e5 2. Nf3 Nc6 3. Bb5 a6 4. Ba4 Nf6 5. Qe2 b5 6. Bb3 Be7 7. O-O O-O 8. c3 d6 9. h3 Na5 10. Bc2 c5
11. Rd1 Bb7 12. d4 Qc7 13. d5 h6 14. Be3 Nc4 15. b3 Nxe3 16. Qxe3 Nh7 17. Nbd2 Bc8 18. g4 Ng5 19. Nxg5 Bxg5 20. Qg3 Qe7
21. Nf1 Bh4 22. Qg2 g6 23. Ne3 Kh8 24. Kh1 Bd7 25. c4 b4 26. a3 a5 27. Ra2 Ra7 28. Rda1 Rb7 29. Qf1 Qg5 30. Ng2 Qe7
31. Nxh4 Qxh4 32. Qg2 h5 33. Bd1 Rfb8 34. axb4 axb4 35. Ra7 Kh7 36. Rxb7 Rxb7 37. Ra6 f5 38. gxh5 gxh5 39. Ra8
1-0

[Event "Big Lion - 1 "]
[Site "SchemingMind.com"]
[Date "2011.01.07"]
[Round "-"]
[White "SittingBull"]
[Black "Shaka"]
[Result "1-0"]
[WhiteCountry "CAN"]
[BlackCountry "VEN"]
[WhiteElo "1920"]
[WhiteRD "65"]
[BlackElo "1805"]
[BlackRD "75"]
[GameID "271798"]

1. e4 d5 2. exd5 Qxd5 3. Nc3 Qa5 4. Nf3 c6 5. Bc4 Nf6 6. O-O Bg4 7. d4 e6 8. Qd3 Be7 9. Bf4 Nbd7 10. Ne5 Bf5
11. Qe2 O-O 12. Bb3 Rfe8 13. Nc4 Qa6 14. Rfe1 Nf8 15. Nd6 Qxe2 16. Rxe2 Bxd6 17. Bxd6 Rad8 18. Be5 Ng6 19. Bxf6 gxf6 20. Rd1 Nf4
21. Red2 Kh8 22. f3 Rg8 23. Kh1 h5 24. Ne4 Bxe4 25. fxe4 Rg6 26. d5 cxd5 27. exd5 e5 28. d6 Ne6 29. d7 Rg7 30. Rd3 Kg8
31. Rc3 Kf8 32. Bxe6 fxe6 33. Rc7 Ke7 34. Rxb7 Rg4 35. Rxa7 Rc4 36. c3 e4 37. Kg1 e3 38. Kf1 f5 39. Ke2 Re4 40. Kf3 e2
41. Re1 Rxd7 42. Rxd7+ Kxd7 43. Rxe2 Ra4 44. a3 Kd6 45. Rc2 e5 46. g3 Kd5 47. Ke3 Re4+ 48. Kd3 Kc5 49. Rf2
1-0

[Event "Big Lion - 1 "]
[Site "SchemingMind.com"]
[Date "2011.01.05"]
[Round "-"]
[White "SittingBull"]
[Black "APB"]
[Result "1-0"]
[WhiteCountry "CAN"]
[BlackCountry "ENG"]
[WhiteElo "1865"]
[WhiteRD "93"]
[BlackElo "1643"]
[BlackRD "63"]
[GameID "271799"]

1. e4 c5 2. Nf3 d6 3. d4 Nf6 4. dxc5 Nxe4 5. cxd6 Nxd6 6. Be2 g6 7. Nc3 Bg7 8. Bd2 Qb6 9. O-O Nf5 10. Nd5 Qd8
11. Bf4 Nd6 12. Bb5+ Bd7 13. Bxd7+ Qxd7 14. Re1 e6 15. Bg5 Qc6 16. Nf6+ Bxf6 17. Bxf6 Rg8 18. Ne5 Qb6 19. Qe2 Nd7 20. Nxf7 Nxf6
21. Qxe6+ Kf8 22. Qe7+ Kg7 23. Nxd6+ Kh6 24. Qxf6
1-0